00386nam a2200157 a 450000100060000000300090000600800410001502000150005604000280007108200140009910000250011324500260013826000370016430000080020165000190020914233CO-ViMGA141112s2004 ck r 000 u spa d a8449500532 aCO-ViMGAbspacCO-ViMGA04a833 N437c1 aNietzsche, Friedrich10aEl Camino y su sombra aMadrid : bM.E. editores, c1994 a17114aNOVELA ALEMANA